| Tag |
First Indicator |
Second Indicator |
Subfields |
| LEADER |
00000cam a2200000 a 4500 |
| 001 |
in00001402962 |
| 005 |
20151020053109.0 |
| 008 |
971018s1997 ne a b 000 0 eng d |
| 020 |
|
|
|a 9040714320
|
| 035 |
|
|
|a (OCoLC)37803163
|
| 035 |
|
|
|9 AHM7008AM
|
| 040 |
|
|
|a NAG
|c NAG
|d TXA
|d UtOrBLW
|
| 041 |
0 |
|
|a eng
|b dut
|
| 049 |
|
|
|a TXAM
|
| 090 |
|
|
|a TK7871.6
|b .M37 1997
|
| 100 |
1 |
|
|a Marel, Johannis van der,
|d 1968-
|
| 245 |
1 |
0 |
|a Microstrip and microgap chambers :
|b a new generation of gaseous radiation detectors /
|c door Johannis van der Marel.
|
| 264 |
|
1 |
|a Delft, The Netherlands :
|b Delft University Press,
|c [1997]
|
| 264 |
|
4 |
|c ©1997
|
| 300 |
|
|
|a xiv, 128 pages :
|b illustrations ;
|c 24 cm.
|
| 336 |
|
|
|a text
|b txt
|2 rdacontent
|
| 337 |
|
|
|a unmediated
|b n
|2 rdamedia
|
| 338 |
|
|
|a volume
|b nc
|2 rdacarrier
|
| 502 |
|
|
|b doctoral
|c Technische Universiteit Delft
|d 1997.
|
| 546 |
|
|
|a Summary in Dutch.
|
| 504 |
|
|
|a Includes bibliographical references.
|
| 650 |
|
0 |
|a Microstrip antennas.
|
| 650 |
|
0 |
|a Radiation
|x Measurement
|x Instruments.
|
| 650 |
|
0 |
|a Detectors.
|
| 650 |
|
0 |
|a Gas tubes.
|
| 650 |
|
0 |
|a Ionization chambers.
|
| 650 |
|
7 |
|a MICROSTRIP DEVICES.
|2 nasat
|
| 650 |
|
7 |
|a Gas ionization.
|2 nasat
|
| 650 |
|
7 |
|a GAS DISCHARGE TUBES.
|2 nasat
|
| 650 |
|
7 |
|a Radiation detectors.
|2 nasat
|
| 999 |
|
|
|a MARS
|
| 999 |
f |
f |
|s a4e0a1ab-e07b-3227-8a6b-7e7489e31b47
|i dcb1d074-6c7f-3327-837d-0c501a67a01c
|t 0
|
| 952 |
f |
f |
|p ric
|a Texas A&M University
|b Rellis Campus
|c Joint Library Facility
|d Remote Storage
|t 0
|e TK7871.6 .M37 1997
|h Library of Congress classification
|i unmediated -- volume
|m A14822021029
|
| 998 |
f |
f |
|a TK7871.6 .M37 1997
|t 0
|l Remote Storage
|